Unchained value : the new logic of digital business /

Bibliographic Details
Main Author: Cronin, Mary J.
Format: Book
Language:English
Published: Boston : Harvard Business School Press, [2000]
Subjects:

MARC

Tag First Indicator Second Indicator Subfields
LEADER 00000cam a22000004a 4500
001 in00001584039
005 20151022163233.0
008 000427s2000 maua b 001 0 eng
010 |a  00031911  
020 |a 0875849377 (alk. paper) 
020 |a 1578519377 (alk. paper) 
035 |a (OCoLC)ocm44026451 
040 |a DLC  |c DLC  |d C#P  |d TXA  |d UtOrBLW 
042 |a pcc 
049 |a TXAM 
050 0 0 |a HF5548.32  |b .C76 2000 
082 0 0 |a 303.48/33  |2 21 
100 1 |a Cronin, Mary J. 
245 1 0 |a Unchained value :  |b the new logic of digital business /  |c Mary J. Cronin. 
264 1 |a Boston :  |b Harvard Business School Press,  |c [2000] 
264 4 |c ©2000 
300 |a x, 213 pages :  |b illustrations ;  |c 24 cm. 
336 |a text  |b txt  |2 rdacontent 
337 |a unmediated  |b n  |2 rdamedia 
338 |a volume  |b nc  |2 rdacarrier 
504 |a Includes bibliographical references (pages 197-200) and index. 
650 0 |a Electronic commerce. 
994 |a E0  |b TXA 
948 |a cataloged  |b h  |c 2001/2/9  |d c  |e bwalker  |f 1:16:32 pm 
999 |a MARS 
999 f f |s a1cb7c50-78d0-3ae8-b013-34f4d4d14601  |i 747baba1-023e-3c71-a73c-17a9a67fc0e9  |t 0 
952 f f |p ric  |a Texas A&M University  |b Rellis Campus  |c Joint Library Facility  |d Remote Storage  |t 0  |e HF5548.32 .C76 2000  |h Library of Congress classification  |i unmediated -- volume  |m A14827095285 
998 f f |a HF5548.32 .C76 2000  |t 0  |l Remote Storage